000 00255nam a2200109Ia 4500
008 200302s9999 xx 000 0 und d
100 _aRob Krier
245 _aArchitectural Composition
260 _bAcademy Editions Ltd.
260 _c1988
300 _a320 P.,
999 _c858
_d858